| 000 | 01439cam a2200277 4500 | ||
|---|---|---|---|
| 008 | 090401t1996 xxu||||| |||| 00| 0 eng d | ||
| 020 | _a0117533203 | ||
| 035 | _a(Sirsi) u6030 | ||
| 041 | _aeng | ||
| 050 |
_a711.1 _c18 |
||
| 110 |
_aUnited Kingdom _bDepartment of the Environment _9982 |
||
| 245 |
_aMinerals planning guidance _bprovision of silica sand in England |
||
| 260 |
_aLondon _bHMSO _c1996 |
||
| 300 |
_a20p. _c30cm. |
||
| 350 | _a7.50 | ||
| 490 |
_aMPG _v15 |
||
| 520 | _aGuidance emphasising that silica sand is an essential raw material for many industrial processes; advising that, because of its scarcity it is a valuable resource of recognised national importance; warning that the impact on the environment which must be carefully balanced against the needs of the community for the mineral; providing advice to ensure that there is an adequate and steady supply; setting out the policies for extraction from environmentally sensitive areas; and encouraging efforts to recycle, to reduce the impact of extraction on the environment. Replaces guidance given in DoE Circular 24/85. View at www.planning.odpm.gov.uk/. | ||
| 650 | _aEXTRACTION | ||
| 650 | _aMINERALS PLANNING | ||
| 650 | _aMPG15 | ||
| 650 | _aSILICA SAND | ||
| 690 | _aPLANNING LAW AND PRACTICE | ||
| 856 |
_uhttps://www.communities.gov.uk/index.asp?id=1144252 _vView the guidance on the ODPM website... |
||
| 942 | _n0 | ||
| 948 | _c04/03/1997 | ||
| 999 |
_c86239 _d86239 |
||